000
00291nam a2200133Ia 4500
008
230917s9999||||xx |||||||||||||| ||und||
040
_e
96118
_a
MAIN
041
_a
English
082
_a
380 N638C
100
_a
Nitin
245
0
_a
Consumer decision process
300
_a
83 p.
942
_c
TH
999
_c
88005
_d
88005